Sports Quiz

Random Sports or World Cup Quiz
Score 0/43 Timer 07:00
0 Plays Today
Goals Player % Correct
11 GoalsLuis Suárez
94.6%
10 GoalsLionel Messi
94%
11 GoalsRobin van Persie
92.5%
8 GoalsCristiano Ronaldo
88.6%
10 GoalsEdin Džeko
84.1%
7 GoalsWayne Rooney
82.7%
9 GoalsRadamel Falcao
78.6%
8 GoalsZlatan Ibrahimović
78.3%
7 GoalsAhmad Hayel Ibrahim
67.3%
8 GoalsClint Dempsey
67%
9 GoalsGonzalo Higuaín
65.1%
6 GoalsRobbie Keane
53.6%
8 GoalsMesut Özil
52.2%
6 GoalsAsamoah Gyan
42.7%
6 GoalsPark Chu-Young
36.1%
6 GoalsCarlos Ruiz
32.8%
6 GoalsHélder Postiga
31.5%
8 GoalsVedad Ibišević
28.3%
6 GoalsDavid Alaba
22.6%
8 GoalsShinji Okazaki
22.2%
10 GoalsOribe Peralta
19.7%
6 GoalsMohamed Salah
17.9%
Goals Player % Correct
7 GoalsChris Wood
16.2%
7 GoalsLê Công Vinh
15.7%
7 GoalsCarlo Costly
12.5%
7 GoalsFelipe Caicedo
11%
6 GoalsTeofilo Gutierrez
10%
10 GoalsBlas Pérez
9.2%
8 GoalsÁlvaro Saborío
7%
9 GoalsJerry Bengtson
6.9%
6 GoalsMohamed Aboutrika
5.8%
11 GoalsDeon McCaulay
5.2%
6 GoalsTomer Hemed
5%
6 GoalsJavad Nekounam
4%
7 GoalsLuis Tejada
3.5%
10 GoalsPeter Byers
3.3%
6 GoalsEden Ben Basat
3.2%
8 GoalsGeorges Gope-Fenepej
3%
7 GoalsYounis Mahmoud
2.4%
7 GoalsHassan Mahmoud
2.4%
6 GoalsRocky Siberie
1%
7 GoalsJacques Haeko
0.9%
6 GoalsOsael Romero
0.9%
Remove Ads.
Support Sporcle.
Get the best of Sporcle when you Go Orange. This ad-free experience offers more features, more stats, and more fun while also helping to support Sporcle. Thank you for becoming a member.

You're not logged in!

Compare scores with friends on all Sporcle quizzes.
OR
Log In

Show Comments

Extras

Top Quizzes Today


Score Distribution

Your Account Isn't Verified!

In order to create a playlist on Sporcle, you need to verify the email address you used during registration. Go to your Sporcle Settings to finish the process.

Report this User

Report this user for behavior that violates our Community Guidelines.

Details: